International Real Estate Institute (Record no. 119858)

MARC details
000 -LEADER
fixed length control field 00834cam a2200193 4500
001 - CONTROL NUMBER
control field WS114259
008 - FIXED-LENGTH DATA ELEMENTS--GENERAL INFORMATION
fixed length control field 010822n 000 0 eng u
035 ## - SYSTEM CONTROL NUMBER
System control number (Sirsi) u114259
110 ## - MAIN ENTRY--CORPORATE NAME
Corporate name or jurisdiction name as entry element International Real Estate Institute
9 (RLIN) 4117
245 ## - TITLE STATEMENT
Title International Real Estate Institute
520 ## - SUMMARY, ETC.
Summary, etc. Web site for this US based organisation for real estate professions. Includes its 'Code of Professional Ethics', a list of publications, details of its annual conference, its journal 'Global Real Estate News' and a list of members. View at www.iami.org/irei.
650 ## - SUBJECT ADDED ENTRY--TOPICAL TERM
Topical term or geographic name entry element INTERNATIONAL
650 ## - SUBJECT ADDED ENTRY--TOPICAL TERM
Topical term or geographic name entry element CODE OF ETHICS
650 ## - SUBJECT ADDED ENTRY--TOPICAL TERM
Topical term or geographic name entry element PROPERTY-COMMERCIAL PROPERTY
650 ## - SUBJECT ADDED ENTRY--TOPICAL TERM
Topical term or geographic name entry element UNITED STATES
690 ## - LOCAL SUBJECT ADDED ENTRY--TOPICAL TERM (OCLC, RLIN)
Topical term or geographic name as entry element PROFESSIONAL PRACTICE
856 ## - ELECTRONIC LOCATION AND ACCESS
Uniform Resource Identifier <a href="https://www.iami.org/irei">https://www.iami.org/irei</a>
Hours access method available View the websitefree of charge at www.iami.org/irei...
942 ## - ADDED ENTRY ELEMENTS (KOHA)
Suppress in OPAC 0
Holdings
Withdrawn status Lost status Source of classification or shelving scheme Damaged status Not for loan Home library Current library Shelving location Date acquired Total Checkouts Full call number Barcode Date last seen Copy number Price effective from Koha item type
    Dewey Decimal Classification     Virtual Virtual Online 22/08/2001   WEB SITE 114259-2001 06/08/2019 1 06/08/2019 Online material